MARC details
| 000 -CABECERA |
| campo de control de longitud fija |
00983cam a2200253 a 4500 |
| 001 - NÚMERO DE CONTROL |
| campo de control |
000002817 |
| 005 - FECHA Y HORA DE LA ÚLTIMA TRANSACCIÓN |
| campo de control |
20200929150250.0 |
| 008 - DATOS DE LONGITUD FIJA--INFORMACIÓN GENERAL |
| campo de control de longitud fija |
880810s1986 cu b 001 f spa |
| 010 ## - NÚMERO DE CONTROL DE LA BIBLIOTECA DEL CONGRESO |
| Número de control de LC |
88172163 |
| 040 ## - FUENTE DE LA CATALOGACIÓN |
| Centro catalogador/agencia de origen |
DO-SdBNP |
| Centro/agencia transcriptor |
DLC |
| Centro/agencia modificador |
DLC |
| 082 ## - NÚMERO DE LA CLASIFICACIÓN DECIMAL DEWEY |
| Número de clasificación |
Cu863.44 |
| Número de documento/Ítem |
R696n |
| 100 1# - ENTRADA PRINCIPAL--NOMBRE DE PERSONA |
| Nombre de persona |
Rodríguez Coronel, Rogelio, |
| Fechas asociadas al nombre |
1946- |
| 9 (RLIN) |
8903 |
| 245 13 - MENCIÓN DE TÍTULO |
| Título |
La novela de la Revolución Cubana, 1959-1979 / |
| Mención de responsabilidad, etc. |
Rogelio Rodríguez Coronel. |
| 260 ## - PUBLICACIÓN, DISTRIBUCIÓN, ETC. |
| Lugar de publicación, distribución, etc. |
La Habana : |
| Nombre del editor, distribuidor, etc. |
Letras Cubanas, |
| Fecha de publicación, distribución, etc. |
1986. |
| 300 ## - DESCRIPCIÓN FÍSICA |
| Extensión |
312 p. ; |
| Dimensiones |
18 cm. |
| 440 #0 - MENCIÓN DE SERIE/PUNTO DE ACCESO ADICIONAL--TÍTULO |
| Título |
Giraldilla |
| 9 (RLIN) |
8904 |
| 500 ## - NOTA GENERAL |
| Nota general |
Portada de subtítulos: Ensayo. |
| 504 ## - NOTA DE BIBLIOGRAFÍA, ETC. |
| Nota de bibliografía, etc. |
"Novelas publicadas en Cuba entre 1959 y 1979": p. 304-312. |
| 650 #4 - PUNTO DE ACCESO ADICIONAL DE MATERIA--TÉRMINO DE MATERIA |
| Término de materia o nombre geográfico como elemento de entrada |
Novela cubana |
| Subdivisión general |
Historia y crítica |
| Subdivisión cronológica |
SIGLO XXI |
| 9 (RLIN) |
8905 |
| 650 #4 - PUNTO DE ACCESO ADICIONAL DE MATERIA--TÉRMINO DE MATERIA |
| Término de materia o nombre geográfico como elemento de entrada |
Literatura cubana |
| Subdivisión general |
Historia y crítica |
| Subdivisión cronológica |
SIGLO XXI |
| 9 (RLIN) |
8906 |
| 650 #4 - PUNTO DE ACCESO ADICIONAL DE MATERIA--TÉRMINO DE MATERIA |
| Término de materia o nombre geográfico como elemento de entrada |
Literatura latinoaméricana |
| Subdivisión general |
Historia y crítica |
| Subdivisión cronológica |
SIGLO XXI |
| 9 (RLIN) |
8907 |
| 651 #4 - PUNTO DE ACCESO ADICIONAL DE MATERIA--NOMBRE GEOGRÁFICO |
| Nombre geográfico |
Cuba |
| Subdivisión general |
Historia |
| -- |
Lucha De La Revolución, |
| Subdivisión cronológica |
1959-1979 |
| 9 (RLIN) |
8908 |
| 910 ## - DATOS DE OPCIÓN DEL USUARIO (OCLC) |
| Datos de opción del usuario |
Catalogación por copia / LC |